| 000 | 00430nam a2200169Ia 4500 | ||
|---|---|---|---|
| 008 | 260407s2025 xx 000 0 und d | ||
| 041 | _aeng | ||
| 082 |
_a612/BHI _b12335 |
||
| 100 | _aDR. S.B. BHISE | ||
| 245 | _aHUMAN ANATOMY AND PHYSIOLOGY | ||
| 250 | _a13TH | ||
| 260 |
_aPUNE _bNIRALI PRAKASHAN _c2025 |
||
| 300 | _a9.24p | ||
| 650 | _aHUMAN ANATOMY AND PHYSIOLOGY | ||
| 650 | _aPHARMACOLOGY | ||
| 700 | _aDR.AV. YADAV | ||
| 999 |
_c1219827 _d1219827 |
||